Zgadnij postać z brawl stars po skinie - Statystyki

Ogólne statystyki
  • Ten quiz został rozwiązany 52 razy
  • Średni wynik to 10 z 15
Statystyki odpowiedzi
Skin Postać % Poprawnych
Mega Box darryl
88%
Trener dynamike
83%
Robo mike dynamike
83%
El Tigro el primo
83%
Koala nita
83%
Króliczek penny
79%
Kurczak rico
74%
Mroczny Anioł colt
67%
Świetlikowy rico
67%
Gwiezdna shelly
64%
Ognisty spike
57%
Jednorożec bonnie
43%
Kaczka leon
38%
Mecha 01 edgar
36%
Mroczna tara
24%
Nie znaleziono quizów pasujących do podanych kryteriów
Rozkład punktacji
Procent ludzi z każdym wynikiem
Percentyl według liczby udzielonych odpowiedzi
Twoja historia wyników
Nie rozwiązałeś tego quizu